Copia de carta en que un amigo refiere a otro con exactitud el hecho, con sus antecedentes y conseqüentes [sic], relativo a la muerte del memorable lidiador Joseph Delgado, renombrado Hillo, causada por el séptimo toro de las corridas en la Plaza de Madrid la tarde del 11 de mayo de 1801... (Record no. 40199)

MARC details
000 -LEADER
campo de control de longitud fija 01435nam a2200277 i 4500
001 - NÚMERO DE CONTROL
campo de control 40199
003 - IDENTIFICADOR DE NÚMERO DE CONTROL
campo de control ES-MaACL
005 - FECHA Y HORA DE LA ÚLTIMA TRANSACCIÓN
campo de control 20250928124029.0
007 - CAMPO FIJO DE DESCRIPCIÓN FÍSICA--INFORMACIÓN GENERAL
campo de control de longitud fija t|
008 - DATOS DE LONGITUD FIJA--INFORMACIÓN GENERAL
campo de control de longitud fija 030305s1801 sp f |||| | spa d
080 ## - NÚMERO DE LA CLASIFICACIÓN DECIMAL UNIVERSAL
Número de la Clasificación Decimal Universal 929 Pepe-Hillo
080 ## - NÚMERO DE LA CLASIFICACIÓN DECIMAL UNIVERSAL
Número de la Clasificación Decimal Universal 793.23
245 00 - MENCIÓN DEL TÍTULO
Título Copia de carta en que un amigo refiere a otro con exactitud el hecho, con sus antecedentes y conseqüentes [sic], relativo a la muerte del memorable lidiador Joseph Delgado, renombrado Hillo, causada por el séptimo toro de las corridas en la Plaza de Madrid la tarde del 11 de mayo de 1801...
260 ## - PUBLICACIÓN, DISTRIBUCIÓN, ETC.
Lugar de publicación, distribución, etc. Barcelona :
Nombre del editor, distribuidor, etc. se hallará ... en la Librería de Sastres ;
Lugar de publicación, distribución, etc. en Madrid :
Nombre del editor, distribuidor, etc. en la de Hurtado ...,
Fecha de publicación, distribución, etc. 1801.
300 ## - DESCRIPCIÓN FÍSICA
Extensión XVI p., [1] h. de lám., [1] h. pleg. de lám. ;
Dimensiones 15 cm.
500 ## - NOTA GENERAL
Nota general Según Palau (61470), "el autor se dice que fue D. José de la Tijera"
530 ## - NOTA DISPONIBLE DE FORMULARIO FÍSICO ADICIONAL
Nota de formato físico adicional disponible Disponible en formato digital.
599 ## - NOTA A LAS ILUSTRACIONES
NOTA A LAS ILUSTRACIONES Lám.: grabado calcográfico, "Muerte desgraciada de Josef Delgado (Hillo) día 11 de mayo de 1801"
599 ## - NOTA A LAS ILUSTRACIONES
NOTA A LAS ILUSTRACIONES Hoja pleg. de lám.: grabado calcográfico, representado la cogida, "Dib. y grab. por Cobo"
600 17 - PUNTO DE ACCESO ADICIONAL DE MATERIA--NOMBRE DE PERSONA
Nombre de persona Pepe-Hillo,
Fechas asociadas al nombre 1754-1801
Fuente del encabezamiento o término
9 (RLIN) 161490
650 #4 - PUNTO DE ACCESO ADICIONAL DE MATERIA--TÉRMINO DE MATERIA
Término de materia o nombre geográfico como elemento de entrada Corridas de toros.
9 (RLIN) 11370
700 1# - ENTRADA AGREGADA--NOMBRE PERSONAL
Nombre de persona Tixera, José de la.
9 (RLIN) 110247
852 4# - LOCALIZACIÓN
Ubicación ES-MaACL
Número de control de estantería R-3018
Encuadernación Olim:T-131-F-3
856 4# - LOCALIZACIÓN Y ACCESO ELECTRÓNICOS
Identificador Uniforme de Recursos <a href="http://bdh-rd.bne.es/viewer.vm?id=0000092751&page=1 ">http://bdh-rd.bne.es/viewer.vm?id=0000092751&page=1 </a>
Nota pública Biblioteca Digital Hispánica
Holdings
Estatus retirado Estado de pérdida Estado de daño No para préstamo Colección Biblioteca de origen Biblioteca actual Ubicación en estantería Fecha de adquisición Fuente de adquisición Total de préstamos Signatura topográfica completa Código de barras Visto por última vez Precio de reemplazo Tipo de ítem Koha
        Colección digital Biblioteca del Ateneo de Madrid Biblioteca del Ateneo de Madrid Depósito 17/01/2008     R-3018 1042322 23/02/2023 23/02/2023 Libro impreso antiguo